Hikayat Raja Muda

Bibliographic Details
Main Authors: Pawang Ana (Author), Raja Haji Yahya (Author)
Format: Book
Published: Petaling Jaya Fajar Bakti 1983
Edition:Ed. ke-2

MARC

LEADER 00000cam a2200000 7i4500
001 0000009962
008 021119s1983
020 |a 0195833139 
050 0 0 |a PL5139.A187  |b H55 1983 
090 0 0 |a PL5139.A187  |b H55 1983 
245 0 0 |a Hikayat Raja Muda  |c Pawang Ana, Raja Haji Yahya 
250 |a Ed. ke-2 
260 2 |a Petaling Jaya  |b Fajar Bakti  |c 1983 
300 |a 138 ms.  |c 21 sm 
700 0 |a Pawang Ana  |e author 
700 0 |a Raja Haji Yahya  |e author 
999 |a 1000028914  |b Book  |c OPEN SHELF (30 DAYS)  |e Gong Badak Campus 
999 |a 1000028915  |b Book  |c OPEN SHELF (30 DAYS)  |e Gong Badak Campus